书目信息 |
| 题名: |
高速水流论文译丛
|
|
| 作者: | ;中国科学院水工研究室 编辑 | |
| 分册: | 第一辑 | |
| 出版信息: | 北京 科学出版社 1958 |
|
| 页数: | 534页 | |
| 开本: | 26cm | |
| 丛书名: | 中国科学院水工研究室译丛 | |
| 单 册: | ||
| 中图分类: | TV131.3-55 | |
| 科图分类: | ||
| 主题词: | 高速度--水动力学--译丛 | |
| 电子资源: | ||
| ISBN: | 13031.527 | |
| 000 | 00804cam2 2200253 450 | |
| 001 | 0105443559 | |
| 005 | 20080104084702.0 | |
| 010 | @a13031.527@dCNY6.50 | |
| 091 | @a13031.527@dCNY6.50 | |
| 100 | @a19980108d1958 em y0chiy0110 ea | |
| 101 | 0 | @achi |
| 102 | @aCN@b110000 | |
| 105 | @ay z 000yy | |
| 106 | @ar | |
| 200 | 1 | @a高速水流论文译丛@9Gao Su Shui Liu Lun Wen Yi Cong @f中国科学院水工研究室编辑@h第一辑@h第一册@b专著 |
| 210 | @a北京@c科学出版社@d1958 | |
| 215 | @a534页@d26cm | |
| 225 | 2 | @a中国科学院水工研究室译丛 |
| 410 | 0 | @12001 @a中国科学院水工研究室译丛 |
| 606 | 0 | @a高速度@x水动力学@x译丛 |
| 690 | @aTV131.3-55@v3 | |
| 711 | 02 | @a中国科学院水工研究室@9zhong guo ke xue yuan shui gong yan jiu shi@4编辑 |
| 801 | 0 | @aCN@bAiZhiMarc |
| 905 | @aBZT@dTV131.3@e1:1@f1@sTV131.3/1:1 | |
| 高速水流论文译丛/中国科学院水工研究室编辑.第一辑.第一册.-北京:科学出版社,1958 |
| 534页;26cm.-(中国科学院水工研究室译丛) |
| ISBN 13031.527:CNY6.50 |
| ● |
| 相关链接 |
|
|
|
正题名:高速水流论文译丛
索取号:TV131.3/1:1
 
预约/预借
| 序号 | 登录号 | 条形码 | 馆藏地/架位号 | 状态 | 备注 |
| 1 | 2000112312 | 2000112312 | 旧书回溯/ [索取号:TV131.3/1:1] | 在馆 |